التعلم الإلكتروني في المؤسسات التعليمية / (رقم التسجيلة. 84171)

تفاصيل مارك
000 -الفاتح
حقل البيانات ثابتة الطول 00861nam a2200217 4500
003 - محدد رقم الضبط
رقم الضبط OSt
005 - وقت وتاريخ اخر تعامل مع التسجيلة
رقم الضبط 20221020145743.0
008 - عناصر البيانات ثابتة الطول - معلومات عامة
حقل البيانات ثابتة الطول 221020s2018 b jo a g ||||| |||| 00| 0 ara d
020 ## - الرقم الدولى المعيارى للكتب
الرقم الدولى المعيارى للكتاب 9789957616595
040 ## - مصدر الفهرسة
وكالة الفهرسة الأصلية Ma-Un
وكالة النسخ Ma-Un
082 04 - رقم تصنيف ديوى العشرى
رقم التصنيف 371.334
رقم الطبعة 21
رقم المادة ع ح ت
100 #1 - المدخل الرئيسى - إسم شخصى
الإسم الشخصى العجرش، حيدر حاتم فالح
245 12 - بيان العنوان
العنوان التعلم الإلكتروني في المؤسسات التعليمية /
بيان المسئوليه,etc حيدر حاتم فالح العجرش.
250 ## - بيان الطبعة
بيان الطبعة ط. 1.
260 ## - PUBLICATION, DISTRIBUTION, ETC. (IMPRINT)
مكان الناشر او الموزع عمان، الأردن :
اسم الناشر او الموزع دار صفاء للنشر والتوزيع،
تاريخ النشر أو التوزيع 2018.
تاريخ النشر هجري 1439.
300 ## - الوصف المادى
التعداد 183 ص. : ؛
تفاصيل ماديه اخرى للوعاء إيض. ؛
أبعاد الوعاء 24 سم.
504 ## - تبصرة ببليوجرافية
تبصرة ببليوجرافية,الخ يشتمل على قائمة ببليوجرافية.
650 #7 - المدخل الاضافى بالموضوع-مصطلح موضوعى
مصطلح موضوعي أو اسم جغرافي كعنصر مدخل التعليم الإلكتروني
650 #7 - المدخل الاضافى بالموضوع-مصطلح موضوعى
مصطلح موضوعي أو اسم جغرافي كعنصر مدخل الإنترنت في التعليم
952 ## - LOCATION AND ITEM INFORMATION (KOHA)
نوع المادة فى نظام كوها كتاب
952 ## - LOCATION AND ITEM INFORMATION (KOHA)
نوع المادة فى نظام كوها كتاب
952 ## - LOCATION AND ITEM INFORMATION (KOHA)
نوع المادة فى نظام كوها كتاب
952 ## - LOCATION AND ITEM INFORMATION (KOHA)
نوع المادة فى نظام كوها كتاب
952 ## - LOCATION AND ITEM INFORMATION (KOHA)
نوع المادة فى نظام كوها كتاب
952 ## - LOCATION AND ITEM INFORMATION (KOHA)
نوع المادة فى نظام كوها كتاب
952 ## - LOCATION AND ITEM INFORMATION (KOHA)
نوع المادة فى نظام كوها كتاب
942 ## -
-- ddc
-- BOOK
المقتنيات
حالة الفقد نموذج السعر الفعال حالة تلف ليس للاعارة تاريخ الاكتساب رقم الطلب تاريخ الاكتساب الموقع الحالي الباركود الفرع الرئيسي Date last seen مصدر التصنيف او خطة الترفيف Total Checkouts
  2022-10-20   Not For Loan 2022-10-20 371.334 ع ح ت 2022-10-20 CL 00268282 المكتبة المركزية بالمجمعة (CL) 2022-10-20 Dewey Decimal Classification  
  2022-10-20     2022-10-20 371.334 ع ح ت 2022-10-20 CL 00268283 المكتبة المركزية بالمجمعة (CL) 2022-10-20 Dewey Decimal Classification  
  2022-10-20     2022-10-20 371.334 ع ح ت 2022-10-20 CL 00268284 المكتبة المركزية بالمجمعة (CL) 2022-10-20 Dewey Decimal Classification  
  2022-10-20   Not For Loan 2022-10-20 371.334 ع ح ت 2022-10-20 EMF 00268285 مكتبة مجمع الطالبات بالمجمعة (EMF) 2022-10-20 Dewey Decimal Classification  
  2022-10-20     2022-10-20 371.334 ع ح ت 2022-10-20 EMF 00268286 مكتبة مجمع الطالبات بالمجمعة (EMF) 2022-10-20 Dewey Decimal Classification  
  2022-10-20   Not For Loan 2022-10-20 371.334 ع ح ت 2022-10-20 EZF 00268272 مكتبة كلية التربية بالزلفى - طالبات (EZF) 2022-10-20 Dewey Decimal Classification  
  2022-10-20     2022-10-20 371.334 ع ح ت 2022-10-20 EZF 00268273 مكتبة كلية التربية بالزلفى - طالبات (EZF) 2022-10-20 Dewey Decimal Classification